guess the taylor swift song by the bad description - Statistics

General Stats
  • This quiz has been taken 894 times
  • The average score is 8 of 13
Answer Stats
Hint Answer % Correct
romeo was throwing pebbles love story
97%
they are getting away in a vehicle getaway car
95%
the foxes are running away i know places
70%
woman buys a house and her husband dies the last great american dynasty
70%
it slipped away august
69%
shes died because of a lot of scratches death by a thousand cuts
66%
they both wear boots and western hats cowboy like me
64%
the place they stand is sacred holy ground
54%
girl doesnt want to get married champagne problems
48%
that thief is gonna regret what she did better than revenge
43%
the child is by themself you're on your own kid
41%
she stays in one place her whole life right where you left me
39%
she washes her hands of him hits different
34%
No matching quizzes found
Score Distribution
Percent of People with Each Score
Percentile by Number Answered
Your Score History
You have not taken this quiz